| 000 | 00660pam a2200205 a 4500 | ||
|---|---|---|---|
| 020 | _a0851991890 (alk. paper) | ||
| 040 | _cDLC | ||
| 082 | 0 | 0 | _a631 MOO 1990 C162 Or. |
| 100 | 1 | _aYoung, Anthony, | |
| 245 | 1 | 0 | _aAgroforestry for soil management / |
| 250 | _a2nd ed | ||
| 260 |
_aNew York : _bCAB International in association with the International Centre for Research in Agroforestry, _c1997 |
||
| 300 |
_aviii, 320 p. : _bill. ; _c24 cm |
||
| 500 | _aRev. ed. of: Agroforestry for soil conservation. 1st ed. c1989 | ||
| 650 | 0 | _aAgroforestry | |
| 650 | 0 | _aSoil conservation | |
| 650 | 0 | _aSoil fertility | |
| 700 | 1 | _aYoung, Anthony, | |
| 942 | _cAEDBB | ||
| 999 |
_c19296 _d19296 |
||